Statistics for The 25 Worst National Football Teams

Click here to take the quiz!

General Stats

  • This quiz has been taken 108 times
  • The average score is 8 of 25

Answer Stats

RankNational Team% Correct
17San Marino
82%
7Andorra
54%
14Samoa
54%
11Tonga
52%
21Solomon Islands
41%
18Seychelles
40%
13Vanuatu
40%
24Nepal
35%
19Sao Tome and Principe
34%
20Comoros
33%
1Bahamas
32%
6Somalia
31%
5Djibouti
29%
25Mauritius
28%
8Mongolia
26%
3Papua New Guinea
26%
9Eritrea
25%
10American Samoa
21%
15British Virgin Islands
20%
4Cook Islands
19%
12South Sudan
18%
2Anguilla
14%
23Macau
14%
16Turks and Caicos Islands
12%
22Cayman Islands
8%

Score Distribution

Percentile by Number Answered

Percent of People with Each Score

Your Score History

You have not taken this quiz